|
|
|
|
| LEADER |
00000nab a2200000 a 4500 |
| 001 |
vtls011101153 |
| 003 |
SK-MaSNL |
| 005 |
20260303113746.0 |
| 008 |
230121|2007 xo |||||||||||||||||slo| |
| 015 |
|
|
|a SNBRB
|
| 035 |
|
|
|a (uuid)1a3137fa-0ab3-4c46-8b86-f2d98620a96c
|
| 035 |
|
|
|a (urnnbn)urn:nbn:sk:snk:ar-0073ac
|
| 035 |
|
|
|a urn:nbn:sk:snk-ab96qi
|
| 040 |
|
|
|a SNKBUCL
|b slo
|c SNKBUCL
|e AACR2
|
| 041 |
0 |
|
|a slo
|
| 044 |
|
|
|a xo
|c SK
|
| 100 |
1 |
|
|a Haľko, Jozef
|4 aut
|9 327252
|
| 245 |
1 |
0 |
|a Prešporské oslavy sedemstoročnice narodenia sv. Alžbety podľa dobovej tlače
|c Jozef Haľko
|
| 773 |
0 |
|
|t Bratislava : spisy Mestského múzea v Bratislave
|g Roč. 19, č. 19 (2007), s. 93-108
|
| 954 |
|
|
|a odborná, vedecká literatúra pôvodná (slovenská)
|2 lita
|
| 958 |
|
|
|a OND
|
| 958 |
|
|
|a EUIPO
|
| 958 |
|
|
|a article13
|
| 999 |
|
|
|c 1894637
|d 1896567
|